Top 100 polskich kanałów YouTube - Statystyki

Ogólne statystyki
  • Ten quiz został rozwiązany 389 razy
  • Średni wynik to 10 z 100
Statystyki odpowiedzi
Miejsce Ilość subksrybcji Odpowiedź % Poprawnych
2 4 890 000 Blowek
86%
3 4 780 000 Karol Friz Wiśniewski
66%
4 4 540 000 reZigiusz
58%
6 4 250 000 Stuu
48%
22 2 370 000 WERSOW
47%
9 3 410 000 Naruciak
34%
40 1 950 000 Tromba
28%
8 3 590 000 SA Wardega
26%
29 2 100 000 Wojan
25%
30 2 090 000 Gimper
24%
59 1 620 000 Palion
23%
14 2 690 000 IsAmU
20%
19 2 420 000 Kaluch
20%
77 1 500 000 MINI MAJK
19%
10 3 380 000 AbstrachujeTV
18%
45 1 820 000 Mandzio
18%
52 1 680 000 Marcin Dubiel
18%
61 1 600 000 BOXDEL
16%
25 2 280 000 Karolek
15%
69 1 580 000 czvjnik
13%
7 3 780 000 Step Records
13%
17 2 520 000 Vito Minecraft
13%
87 1 460 000 Boruciak
11%
13 2 730 000 Planeta Faktów
11%
11 3 280 000 SBM Label
11%
78 1 500 000 Jacob
10%
36 1 990 000 Sitr0x
10%
84 1 470 000 WAKSY
10%
26 2 230 000 5 Sposobów na...
9%
72 1 540 000 Admiros
9%
50 1 730 000 BEKSY
9%
90 1 400 000 Hejka tu Lenka
9%
27 2 170 000 izak LIVE
9%
55 1 650 000 Niekryty Krytyk
8%
20 2 420 000 QueQuality
8%
74 1 520 000 skkf
8%
43 1 900 000 DeeJayPallaside
7%
16 2 550 000 DISCO MAREK
7%
41 1 940 000 Dizowskyy
7%
49 1 740 000 JDabrowsky
7%
53 1 660 000 ROJSON
7%
62 1 600 000 RoxMb
7%
76 1 500 000 Z Dvpy
7%
60 1 610 000 Agnieszka Grzelak Vlog
6%
1 6 790 000 Bazylland - Tractors & Excavators
6%
82 1 470 000 Red Lipstick Monster
6%
24 2 350 000 tvnpl
6%
86 1 460 000 wip bros
6%
56 1 650 000 FIT LOVERS
5%
37 1 980 000 GPlay: Minecraft Jest Nasz!
5%
88 1 450 000 Ponki
5%
81 1 470 000 REMBOL
5%
85 1 460 000 Remigiusz Maciaszek
5%
67 1 580 000 Unbox
5%
32 2 080 000 YOUNG MULTI & YFL
5%
66 1 580 000 ZeboPL
5%
97 1 340 000 Agnieszka Grzelak Beauty
4%
93 1 350 000 Cyber Marian
4%
65 1 590 000 Historia bez cenzury
4%
39 1 970 000 JASNA STRONA
4%
95 1 340 000 NOLIF
4%
63 1 600 000 smiechawaTV
4%
71 1 550 000 Taco Hemingway
4%
46 1 800 000 BRACIA MALCZYŃSCY
3%
96 1 340 000 dealereq
3%
34 2 050 000 KaliGanjaMafia
3%
31 2 080 000 ProstoTV
3%
21 2 380 000 SPInkafilmstudio
3%
5 4 540 000 WB Kids International
3%
44 1 840 000 BORCREW OFFICIAL
2%
80 1 490 000 Cypisolo
2%
73 1 540 000 NewBadLabel
2%
92 1 360 000 True Beauty
2%
33 2 080 000 5-minutowe Sztuczki
1%
42 1 930 000 MagicRecordsPoland
1%
98 1 330 000 Marek AdBuster Hoffman
1%
99 1 330 000 Mateusz M
1%
54 1 660 000 TVN Series
1%
79 1 500 000 Zajcu37
1%
15 2 660 000 Софунья Шалунья
0%
35 2 020 000 AOneCool
0%
28 2 110 000 Baby's Adventure
0%
58 1 630 000 binkie.tv
0%
12 2 760 000 BROS SHOW
0%
18 2 470 000 Cartoonito Polska
0%
68 1 580 000 Cyberpunk 2077
0%
94 1 350 000 Diana Milkanova
0%
64 1 590 000 Disco Polo Lajf
0%
47 1 790 000 DominikGameStreamer
0%
23 2 360 000 JuzzyGamePlay
0%
91 1 370 000 Marcek76
0%
83 1 470 000 Masza i Niedźwiedź
0%
89 1 450 000 Miłośnicy czterech kółek -zrób to sam
0%
48 1 750 000 MNXHD
0%
100 1 330 000 Nedzvedskaya
0%
70 1 560 000 Peppa Pig Polski - Kanał Oficjalny
0%
51 1 690 000 Przepisy od Olgi
0%
38 1 970 000 Śpiewające Brzdące - Piosenki dla dzieci
0%
75 1 520 000 UrbanRecTv
0%
57 1 650 000 Zaplanowane
0%
Nie znaleziono quizów pasujących do podanych kryteriów
Rozkład punktacji
Procent ludzi z każdym wynikiem
Percentyl według liczby udzielonych odpowiedzi
Twoja historia wyników
Nie rozwiązałeś tego quizu